00342nam a2200133Ia 4500003000400000005001700004008004100021020001900062040002000081100001900101245005500120260002400175260000900199OSt20240220152354.0170524s9999 xx 000 0 und d a 9788187972099 cIIMT UNIVERSITY aGaonkar Kamesh 0aMicroprocessor Architecture Programe & Application bPeram International c2007